Focus sur: Déagol - Tolkien - Statistiques

Statistiques générales
  • Ce quiz a été pris 23 fois
  • Le résultat moyen est 5 sur 8
Statistiques - réponses
Informations recherchées Réponses % Correct
Couleur des cheveux (films) Brun
100%
Espèce Hobbit
100%
Première apparition Le Hobbit
100%
Age durant lequel il vécut Troisième
96%
Cousin Sméagol
87%
Contrées Val d'Anduin
22%
Groupe de l'espèce Fortauds
13%
Acteur l'interprétant dans les films Thomas Robins
4%
Aucun quiz correspondant
Distribution des résultats
% des personnes avec chaque résultat
Percentile par nombre de réponses
Votre historique - résultats
Vous n’avez pas pris ce quiz